Preventing chronic diseases : a vital investment.

Chronic diseases - the major causes of premature adult deaths in all regions of the world - have been generally neglected on the international health and development agenda. WHO is launching a global report on chronic diseases, which will present the latest scientific information and make the case f...

وصف كامل

محفوظ في:
التفاصيل البيبلوغرافية
مؤلفون مشاركون: World Health Organization, Public Health Agency of Canada
التنسيق: كتاب
منشور في: Geneva : [Ottawa] : World Health Organization ; Public Health Agency of Canada, 2005.
الموضوعات:
الوسوم: إضافة وسم
لا توجد وسوم, كن أول من يضع وسما على هذه التسجيلة!

MARC

LEADER 00000cam a22000007a 4500
020 |a 9241563001 
040 |a MUL  |b eng.  |c MUL  |e AACR 
082 0 0 |a 616.044 WHO  |2 22  |b 1 
110 |a World Health Organization 
245 0 0 |a Preventing chronic diseases :  |b a vital investment.  |c / World Health Organization, Public Health Agency of Canada 
260 |a Geneva :  |b World Health Organization ;  |a [Ottawa] :  |b Public Health Agency of Canada,  |c 2005. 
300 |a xiv, 182 p. :  |b col. ill., ports. ;  |c 26 cm. 
504 |a Includes bibliographical references and index. 
505 |a Intro Contents Forward Supporting Statements What's Inside Part One Overview Part Two The Urgent Need For Action Part Three What Works: The Evidence For Action Part Four Taking Action: Essential Steps For Success Annexes Acknowledgements Index 
520 |a Chronic diseases - the major causes of premature adult deaths in all regions of the world - have been generally neglected on the international health and development agenda. WHO is launching a global report on chronic diseases, which will present the latest scientific information and make the case for increased and urgent action for chronic disease prevention and control. The report will review the burden of chronic diseases, major risk factors and associated trends. It will be an authoritative and state-of-the-art guide to effective and feasible interventions. The primary audience of the report will be health planners and decision-makers as well as stakeholders who can influence multisectoral government action. (Product Description) 
546 |a eng. 
650 0 |a Chronic diseases 
650 1 2 |a Chronic Disease  |v Statistics. 
650 2 2 |a Health Promotion  |v Statistics. 
650 2 2 |a Preventive Medicine  |v Statistics. 
650 2 2 |a Socioeconomic Factors  |v Statistics. 
710 |a Public Health Agency of Canada 
942 |c BK 
999 |c 3649  |d 3649